The summer of broken rules / (Record no. 9637)
[ view plain ]
| 000 -LEADER | |
|---|---|
| fixed length control field | 01810nam a22002297a 4500 |
| 001 - CONTROL NUMBER | |
| control field | 9637 |
| 003 - CONTROL NUMBER IDENTIFIER | |
| control field | FISKH |
| 005 - DATE AND TIME OF LATEST TRANSACTION | |
| control field | 20260127100706.0 |
| 008 - FIXED-LENGTH DATA ELEMENTS--GENERAL INFORMATION | |
| fixed length control field | 260127b cb ||||| |||| 00| 0 eng d |
| 020 ## - INTERNATIONAL STANDARD BOOK NUMBER | |
| International Standard Book Number | 9781728210292 |
| 040 ## - CATALOGING SOURCE | |
| Original cataloging agency | FISKH |
| Language of cataloging | eng |
| Transcribing agency | FISKH |
| Modifying agency | FISKH |
| 050 ## - LIBRARY OF CONGRESS CALL NUMBER | |
| Classification number | PZ7.1 .W362 .S |
| 082 ## - DEWEY DECIMAL CLASSIFICATION NUMBER | |
| Classification number | 813.6 LCC |
| 100 ## - MAIN ENTRY--PERSONAL NAME | |
| Personal name | Walther, K. L. |
| 245 ## - TITLE STATEMENT | |
| Title | The summer of broken rules / |
| Statement of responsibility, etc. | K. L. Walther |
| 260 ## - PUBLICATION, DISTRIBUTION, ETC. | |
| Place of publication, distribution, etc. | Illinois : |
| Name of publisher, distributor, etc. | Source Book Fire, |
| Date of publication, distribution, etc. | 2021. |
| 300 ## - PHYSICAL DESCRIPTION | |
| Extent | 359 pages : |
| Dimensions | 20 cm |
| 520 ## - SUMMARY, ETC. | |
| Summary, etc. | Meredith's family's annual game of assassin at Martha's Vineyard during a summer wedding is the perfect chance to honor her sister's legacy, and finally join the world again. But when she forms an alliance with a cute groomsman, she's at risk of losing both the game . . . and her heart. When Meredith Fox lost her sister, Claire, eighteen months ago, she shut everyone out. But this summer she's determined to join the world again. The annual family vacation to Martha's Vineyard seems like the perfect place to reconnect. Her entire extended family is gathering for a big summer wedding, and although Meredith is dateless after being unexpectedly dumped, she's excited to participate in the traditional Fox family game of assassin that will take place during the week of wedding festivities. Claire always loved the game, and Meredith is determined to honor her legacy. But when Meredith forms an assassin alliance with a cute groomsman, she finds herself getting distracted. Meredith tries to focus on the game and win it for her sister, but she can't help falling for him. And as the week progresses, she realizes she's not only at risk of losing the game, but also her heart. |
| 650 ## - SUBJECT ADDED ENTRY--TOPICAL TERM | |
| Topical term or geographic name entry element | Contemporary Romance |
| Form subdivision | Martha's Vineyard |
| General subdivision | Beach Read |
| Chronological subdivision | Young Adult |
| 942 ## - ADDED ENTRY ELEMENTS (KOHA) | |
| Source of classification or shelving scheme | Dewey Decimal Classification |
| Koha item type | Books |
| Suppress in OPAC | No |
| Withdrawn status | Lost status | Source of classification or shelving scheme | Damaged status | Not for loan | Collection | Home library | Current library | Shelving location | Date acquired | Total Checkouts | Full call number | Barcode | Date last seen | Copy number | Price effective from | Koha item type |
|---|---|---|---|---|---|---|---|---|---|---|---|---|---|---|---|---|
| Dewey Decimal Classification | Fiction | Footprints International School Library Network Toul Kork Campus | Footprints International School Library Network Toul Kork Campus | A TK Campus, 4th Floor, Room B401, Fiction Bookcases (1-6) | 01/27/2026 | WAL 813.6 PZ7.1 .W362 .S | 2026-0154 | 01/27/2026 | 1 | 01/27/2026 | Books |
